| 000 | 00573nam a2200169 a 4500 | ||
|---|---|---|---|
| 001 | 000021189 | ||
| 005 | 20200930011246.0 | ||
| 008 | 100901s1985 ru a r 000 | spa d | ||
| 040 |
_aDO-SdBNP _bspa _cBNPHU |
||
| 082 |
_axxx _bE67u |
||
| 100 | 1 |
_aEremeiev, Leonid _944295 |
|
| 245 | 1 | 0 |
_aLa URSS en la segunda guerra mundial : _bvisto por amigos y enemigos / _cLeonid Eremeiev; traducción de Vladímir Pilipenko. |
| 260 |
_aMoscú : _bAgencia de Prensa Nóvosti, _c1985. |
||
| 300 |
_a124 p., : _bil ; _c17 cm. |
||
| 700 | 1 |
_aPilipenko, Vladímir _etr. _944296 |
|
| 049 | _aBNGR | ||
| 999 |
_c20690 _d20690 |
||